[Event "POL-chT3 Podkarpackie"]
[Site "Czudec"]
[Date "2016.05.29"]
[Round "5.27"]
[White "Luka, Krzysztof"]
[Black "Krynicki, Henryk"]
[Result "1/2-1/2"]
[WhiteElo "1876"]
[BlackElo "1758"]
[PlyCount "99"]
[EventDate "2016.05.27"]
[EventType "team-tourn"]
[EventRounds "9"]
[EventCountry "POL"]
[SourceTitle "EXT 2018"]
[Source "ChessBase"]
[SourceDate "2017.10.13"]
[SourceVersion "1"]
[SourceVersionDate "2017.10.13"]
[SourceQuality "1"]
[WhiteTeam "Rzeszow RzKSz"]
[BlackTeam "Ustrzyki Dolne"]
[WhiteTeamCountry "POL"]
[BlackTeamCountry "POL"]

1. d4 Nf6 2. c4 c5 3. d5 g6 4. Nc3 Bg7 5. e4 d6 6. Bd3 e5 7. dxe6 fxe6 8. f3 Nh5 9. Be3 0-0 10. Nge2 Nc6 11. Qd2 Ne5 12. Rd1 Rxf3 13. Bg5 Nxd3+ 14. Qxd3 Rxd3 15. Bxd8 Rxd1+ 16. Kxd1 Bd7 17. Bc7 Be5 18. Kc2 Re8 19. Bxd6 Bxd6 20. Rd1 Bc6 21. Rxd6 Nf6 22. Nf4 Kf7 23. Rd2 Nxe4 24. Nxe4 Bxe4+ 25. Kc3 Bc6 26. Nd3 e5 27. Nxc5 e4 28. Rf2+ Ke7 29. b4 e3 30. Re2 Kd6 31. Kd3 b6 32. Nb3 Be4+ 33. Kd4 Bxg2 34. Rxe3 Rxe3 35. Kxe3 Bf1 36. Kd4 g5 37. Nd2 Bg2 38. Ne4+ Bxe4 39. Kxe4 Ke6 40. c5 bxc5 41. bxc5 a5 42. c6 a4 43. c7 Kd7 44. c8Q+ Kxc8 45. Kf5 Kd7 46. Kxg5 Kc6 47. Kh6 Kc5 48. Kxh7 Kb4 49. h4 Ka3 50. Kg8 1/2-1/2

[Event "POL-chT 2nd div South"]
[Site "Polanica Zdroj"]
[Date "1999.??.??"]
[Round "2"]
[White "Kusina, Jan"]
[Black "Krynicki, Henryk"]
[Result "0-1"]
[WhiteElo "2126"]
[BlackElo "2098"]
[PlyCount "40"]
[EventDate "1999.09.17"]
[EventType "team-swiss"]
[EventRounds "10"]
[EventCountry "POL"]
[SourceTitle "EXT 2001"]
[Source "ChessBase"]
[SourceDate "2000.11.22"]
[SourceVersion "1"]
[SourceVersionDate "2000.11.22"]
[SourceQuality "1"]
[WhiteTeam "POL-chT 2nd div South 13"]
[BlackTeam "POL-chT 2nd div South 22"]
[WhiteTeamCountry "POL"]
[BlackTeamCountry "POL"]

1. Nf3 d5 2. g3 Nf6 3. Bg2 c6 4. b3 g6 5. Bb2 Bg7 6. d3 0-0 7. Nbd2 Re8 8. 0-0 Nbd7 9. c4 e5 10. cxd5 cxd5 11. e4 d4 12. Nc4 Nh5 13. Nd6 Re6 14. Nxc8 Rxc8 15. Qd2 Ra6 16. Rac1 Rxc1 17. Qxc1 Rc6 18. Qd2 Qc7 19. Rc1 Nc5 20. Ne1 Bf8 0-1